[Event "Lisbon Portugal rapid op"]
[Site "Lisbon"]
[Date "2022.09.04"]
[Round "11"]
[White "Elias, Ruben Joel Monteiro"]
[Black "Frois, Antonio"]
[Result "1-0"]
[WhiteElo "1853"]
[BlackElo "2257"]
[PlyCount "51"]
[EventDate "2022.09.03"]
[EventType "swiss (rapid)"]
[EventRounds "11"]
[EventCountry "POR"]
[SourceTitle "CBM 210 Extra"]
[Source "ChessBase"]
[SourceDate "2022.11.30"]
[SourceVersion "1"]
[SourceVersionDate "2022.11.30"]
[SourceQuality "1"]

1. e4 Nf6 2. e5 Nd5 3. Nc3 Nxc3 4. dxc3 g6 5. Be3 Bg7 6. Nf3 0-0 7. Qd2 Nc6 8. Bh6 d6 9. Bxg7 Kxg7 10. 0-0-0 Bg4 11. exd6 cxd6 12. Be2 Qa5 13. Kb1 Rac8 14. h3 Bxf3 15. gxf3 Ne5 16. h4 h5 17. Rhg1 Nc4 18. Qd4+ e5 19. Qe4 b5 20. f4 f5 21. Qg2 Rf6 22. Bxh5 Nxb2 23. Bxg6 Kf8 24. Bxf5 Rc7 25. Qg8+ Ke7 26. Rg7+ 1-0

[Event "Lisbon Portugal rapid op"]
[Site "Lisbon"]
[Date "2022.09.04"]
[Round "8"]
[White "Pein, Malcolm"]
[Black "Elias, Ruben Joel Monteiro"]
[Result "1-0"]
[WhiteElo "2304"]
[BlackElo "1853"]
[PlyCount "38"]
[EventDate "2022.09.03"]
[EventType "swiss (rapid)"]
[EventRounds "11"]
[EventCountry "POR"]
[SourceTitle "CBM 210 Extra"]
[Source "ChessBase"]
[SourceDate "2022.11.30"]
[SourceVersion "1"]
[SourceVersionDate "2022.11.30"]
[SourceQuality "1"]

1. d4 Nf6 2. c4 e6 3. Nc3 Bb4 4. e3 d5 5. Nf3 0-0 6. Bd2 c5 7. a3 Bxc3 8. Bxc3 Ne4 9. Rc1 Nxc3 10. Rxc3 cxd4 11. Nxd4 dxc4 12. Bxc4 Bd7 13. Qc2 Nc6 14. Nf3 Qf6 15. 0-0 Rac8 16. Rd1 Rfd8 17. h4 h6 18. Qe4 Qf5 19. Qxf5 exf5 1-0

[Event "Lisbon Portugal rapid op"]
[Site "Lisbon"]
[Date "2022.09.03"]
[Round "4"]
[White "Elias, Ruben Joel Monteiro"]
[Black "Fernandes, Ricardo Paulos"]
[Result "0-1"]
[WhiteElo "1853"]
[BlackElo "2080"]
[PlyCount "100"]
[EventDate "2022.09.03"]
[EventType "swiss (rapid)"]
[EventRounds "11"]
[EventCountry "POR"]
[SourceTitle "CBM 210 Extra"]
[Source "ChessBase"]
[SourceDate "2022.11.30"]
[SourceVersion "1"]
[SourceVersionDate "2022.11.30"]
[SourceQuality "1"]

1. e4 c5 2. Nf3 d6 3. d4 cxd4 4. Nxd4 Nf6 5. Nc3 g6 6. Be3 Bg7 7. f3 0-0 8. Qd2 Nc6 9. Bc4 Bd7 10. 0-0-0 Rc8 11. Bb3 Nxd4 12. Bxd4 b5 13. h4 b4 14. Nd5 Nxd5 15. Bxg7 Kxg7 16. exd5 a5 17. h5 Rh8 18. Qd4+ f6 19. hxg6 hxg6 20. Rxh8 Qxh8 21. Qa7 Qd8 22. Rh1 Rc5 23. g4 Qc7 24. Qxc7 Rxc7 25. a4 bxa3 26. bxa3 a4 27. Ba2 Rc3 28. Re1 Kf7 29. Kb2 Rxf3 30. Rg1 g5 31. Bc4 Rf4 32. Be2 f5 33. gxf5 Kf6 34. Bd3 Bxf5 35. Bxf5 Kxf5 36. Re1 Re4 37. Rf1+ Ke5 38. Rg1 g4 39. Rd1 g3 40. Kc3 Kf4 41. Kd3 Re5 42. Kc4 g2 43. Kb4 Rxd5 44. Rg1 Kf3 45. Kxa4 Rc5 46. Kb3 Kf2 47. Rxg2+ Kxg2 48. a4 e5 49. Kb4 Rxc2 50. a5 e4 0-1

[Event "Lisbon Portugal rapid op"]
[Site "Lisbon"]
[Date "2019.02.10"]
[Round "1"]
[White "Elias, Ruben Joel Monteiro"]
[Black "Carrasco Martinez, Juan Manuel"]
[Result "0-1"]
[WhiteElo "1797"]
[BlackElo "2380"]
[PlyCount "31"]
[EventDate "2019.02.10"]
[EventType "swiss (rapid)"]
[EventRounds "8"]
[EventCountry "POR"]
[SourceTitle "CBM 188 Extra"]
[Source "ChessBase"]
[SourceDate "2019.02.26"]
[SourceVersion "1"]
[SourceVersionDate "2019.02.26"]
[SourceQuality "1"]

1. e4 e6 2. d4 d5 3. exd5 exd5 4. Nf3 Nc6 5. Bb5 Bd6 6. 0-0 Nge7 7. Re1 0-0 8. Nc3 Bg4 9. Be3 a6 10. Be2 Re8 11. h3 Bh5 12. Qd2 b5 13. Rad1 Na5 14. Nxd5 Nxd5 15. Qxa5 Bb4 16. Ra1 0-1

[Event "Lisbon Portugal op"]
[Site "Lisbon"]
[Date "2018.02.03"]
[Round "1"]
[White "Elias, Ruben Joel Monteiro"]
[Black "Ozturk Orenli, Kubra"]
[Result "0-1"]
[WhiteElo "1836"]
[BlackElo "2353"]
[PlyCount "120"]
[EventDate "2018.02.03"]
[EventType "swiss"]
[EventRounds "9"]
[EventCountry "POR"]
[SourceTitle "EXT 2019"]
[Source "ChessBase"]
[SourceDate "2018.10.10"]
[SourceVersion "1"]
[SourceVersionDate "2018.10.10"]
[SourceQuality "1"]

1. e4 e5 2. Nf3 Nc6 3. Bc4 Bc5 4. c3 Nf6 5. d4 exd4 6. cxd4 Bb4+ 7. Bd2 Bxd2+ 8. Nbxd2 d5 9. exd5 Nxd5 10. Qb3 Nce7 11. 0-0 0-0 12. Rfe1 c6 13. a4 a5 14. Ne5 Kh8 15. Rac1 f6 16. Nef3 Nb4 17. Ne4 b6 18. h3 Ba6 19. Bxa6 Rxa6 20. Rcd1 Ned5 21. Qc4 Ra7 22. Qc1 Re7 23. Qd2 Rfe8 24. Nc3 Kg8 25. Rxe7 Rxe7 26. Re1 Kf7 27. Ne4 Kf8 28. Kf1 Qc8 29. Kg1 Qf5 30. Nd6 Rxe1+ 31. Qxe1 Qd7 32. Ne4 Nd3 33. Qd2 N3f4 34. Nc3 g5 35. Ne2 Qf5 36. Nxf4 Nxf4 37. Qd1 Qd3 38. Qxd3 Nxd3 39. b3 Nc1 40. Nd2 Ne2+ 41. Kf1 Nxd4 42. Nc4 Nxb3 43. Nxb6 Ke7 44. Ke2 Kd6 45. Kd3 Nc5+ 46. Kd4 Ne6+ 47. Ke4 Kc5 48. Nd7+ Kb4 49. Nxf6 Kxa4 50. Ke5 Nf4 51. g3 Nxh3 52. Nxh7 g4 53. Kd6 Kb5 54. Nf6 Nxf2 55. Nd7 a4 56. Nc5 a3 57. Nb3 Ne4+ 58. Ke5 Nxg3 59. Kf4 Ne2+ 60. Kxg4 Kb4 0-1

[Event "Lisbon Portugal rapid op"]
[Site "Lisbon"]
[Date "2017.02.11"]
[Round "7"]
[White "Elias, Ruben Joel Monteiro"]
[Black "Bebchuk, Leonid"]
[Result "1-0"]
[WhiteElo "1802"]
[BlackElo "2028"]
[PlyCount "51"]
[EventDate "2017.02.11"]
[EventType "swiss (rapid)"]
[EventRounds "8"]
[EventCountry "POR"]
[SourceTitle "CBM 176 Extra"]
[Source "ChessBase"]
[SourceDate "2017.03.02"]
[SourceVersion "1"]
[SourceVersionDate "2017.03.02"]
[SourceQuality "1"]

1. e4 c5 2. Nf3 Nc6 3. d4 cxd4 4. Nxd4 e5 5. Nb5 a6 6. Nd6+ Bxd6 7. Qxd6 Qe7 8. Qxe7+ Ngxe7 9. Bc4 b5 10. Bb3 Nd4 11. Be3 Nxb3 12. axb3 Bb7 13. f3 d5 14. exd5 Nxd5 15. Bd2 Rc8 16. Nc3 Ke7 17. Nxd5+ Bxd5 18. Bc3 Rc6 19. 0-0-0 Ke6 20. Rhe1 f6 21. f4 e4 22. f5+ Kd6 23. Bb4+ Ke5 24. Bc3+ Kd6 25. Rxe4 Rd8 26. Rxd5+ 1-0

[Event "Lisbon Portugal rapid op"]
[Site "Lisbon"]
[Date "2017.02.11"]
[Round "8"]
[White "Neto, Horacio"]
[Black "Elias, Ruben Joel Monteiro"]
[Result "1-0"]
[WhiteElo "2162"]
[BlackElo "1802"]
[PlyCount "71"]
[EventDate "2017.02.11"]
[EventType "swiss (rapid)"]
[EventRounds "8"]
[EventCountry "POR"]
[SourceTitle "CBM 176 Extra"]
[Source "ChessBase"]
[SourceDate "2017.03.02"]
[SourceVersion "1"]
[SourceVersionDate "2017.03.02"]
[SourceQuality "1"]

1. Nf3 d5 2. d4 Nf6 3. c4 e6 4. Nc3 Be7 5. Bf4 0-0 6. e3 c6 7. h3 Nbd7 8. c5 Ne4 9. Nxe4 dxe4 10. Nd2 f5 11. Bc4 Nf6 12. 0-0 Nd5 13. Be5 Bf6 14. Bd6 Re8 15. a3 e5 16. Nb3 exd4 17. Nxd4 Kh8 18. Bxd5 cxd5 19. b4 Bd7 20. Qd2 Be5 21. Bxe5 Rxe5 22. Rfc1 Qe7 23. c6 Bxc6 24. Nxc6 bxc6 25. Rxc6 Rd8 26. Qd4 Re8 27. Rac1 Rd8 28. Rc7 Qe8 29. Rxa7 Re7 30. Rcc7 Rdd7 31. Rxd7 Rxd7 32. b5 h6 33. b6 Qc8 34. Qa4 Rb7 35. Rxb7 Qxb7 36. Qa7 1-0

[Event "Lisbon Portugal op"]
[Site "Lisbon"]
[Date "2017.02.10"]
[Round "9"]
[White "Elias, Ruben Joel Monteiro"]
[Black "Santos, Ana Pereira Dos"]
[Result "1/2-1/2"]
[WhiteElo "1802"]
[BlackElo "1462"]
[PlyCount "121"]
[EventDate "2017.02.04"]
[EventType "swiss"]
[EventRounds "9"]
[EventCountry "POR"]
[SourceTitle "CBM 176 Extra"]
[Source "ChessBase"]
[SourceDate "2017.03.02"]
[SourceVersion "1"]
[SourceVersionDate "2017.03.02"]
[SourceQuality "1"]

1. e4 e5 2. Nf3 Nc6 3. Bb5 a6 4. Ba4 Nf6 5. 0-0 b5 6. Bb3 Bc5 7. Re1 0-0 8. c3 d5 9. exd5 Nxd5 10. Nxe5 Nxe5 11. Rxe5 c6 12. d4 Bd6 13. Re1 Qh4 14. g3 Qh3 15. Be3 Bg4 16. Qd3 Rae8 17. Nd2 Qh5 18. a4 Re6 19. axb5 axb5 20. Ra7 Rfe8 21. Bxd5 Qxd5 22. Qf1 c5 23. h3 cxd4 24. cxd4 Bf5 25. Qg2 Qxg2+ 26. Kxg2 Bb4 27. Rd1 Bxd2 28. Rxd2 Be4+ 29. Kf1 h6 30. Rd1 Rd8 31. Rc1 Bd3+ 32. Kg1 Bc4 33. Rc3 h5 34. b3 Bd5 35. Rcc7 Re4 36. b4 Rde8 37. Ra1 h4 38. Rc5 Bc4 39. g4 f6 40. Rc7 R4e7 41. Raa7 Rxc7 42. Rxc7 Rd8 43. f4 Rd5 44. Kf2 Bd3 45. Ke1 Rd6 46. Ra7 Re6 47. Kf2 g5 48. fxg5 fxg5 49. Bxg5 Re2+ 50. Kf3 Rh2 51. Bxh4 Rxh3+ 52. Bg3 Be2+ 53. Kxe2 Rxg3 54. Re7 Rxg4 55. Ke3 Rg1 56. Rc7 Rb1 57. d5 Kf8 58. d6 Ke8 59. Kd4 Rxb4+ 60. Kc5 Rc4+ 61. Kxb5 1/2-1/2

[Event "Lisbon Portugal op"]
[Site "Lisbon"]
[Date "2017.02.07"]
[Round "6"]
[White "Fathallah, Joe"]
[Black "Elias, Ruben Joel Monteiro"]
[Result "0-1"]
[WhiteElo "2003"]
[BlackElo "1802"]
[PlyCount "124"]
[EventDate "2017.02.04"]
[EventType "swiss"]
[EventRounds "9"]
[EventCountry "POR"]
[SourceTitle "CBM 176 Extra"]
[Source "ChessBase"]
[SourceDate "2017.03.02"]
[SourceVersion "1"]
[SourceVersionDate "2017.03.02"]
[SourceQuality "1"]

1. d4 d5 2. c4 e6 3. Nc3 Nf6 4. cxd5 exd5 5. Bg5 Be7 6. e3 0-0 7. Bd3 c6 8. Qc2 Nbd7 9. Nge2 Re8 10. 0-0 Nf8 11. Rad1 Bg4 12. f3 Bh5 13. Ng3 Bg6 14. Nf5 Bxf5 15. Bxf5 Ng6 16. e4 dxe4 17. fxe4 Nd7 18. Bc1 Nf6 19. e5 Nd5 20. e6 Bf6 21. exf7+ Kxf7 22. Ne4 Kg8 23. Bxg6 hxg6 24. Nxf6+ Nxf6 25. Qxg6 Rf8 26. Bg5 Qe8 27. Rxf6 Rxf6 28. Qxe8+ Rxe8 29. Bxf6 gxf6 30. Kf2 Kf7 31. Rd3 Re4 32. d5 cxd5 33. Rxd5 Ke6 34. Rd3 Rc4 35. Rc3 Rd4 36. Ke2 Rh4 37. Rh3 Rb4 38. Rb3 Rg4 39. Kf3 Rg7 40. Rb4 Rh7 41. h3 Kf5 42. Rb5+ Ke6 43. h4 Rxh4 44. Rxb7 Ra4 45. a3 Kd5 46. Rf7 Ke6 47. Rh7 Kd5 48. Rh6 Ke5 49. g3 Rc4 50. Rh4 Rc2 51. Rb4 a5 52. Rb5+ Ke6 53. b4 Rc3+ 54. Kg4 a4 55. Rb6+ Kd5 56. Rb5+ Kd6 57. Ra5 Rxa3 58. Kf4 Ra1 59. Ra6+ Kd5 60. b5 a3 61. Ke3 a2 62. Kd2 Rh1 0-1

[Event "Lisbon Portugal op"]
[Site "Lisbon"]
[Date "2017.02.04"]
[Round "1"]
[White "Suarez Uriel, Adrian"]
[Black "Elias, Ruben Joel Monteiro"]
[Result "1-0"]
[WhiteElo "2389"]
[BlackElo "1802"]
[PlyCount "111"]
[EventDate "2017.02.04"]
[EventType "swiss"]
[EventRounds "9"]
[EventCountry "POR"]
[SourceTitle "CBM 176 Extra"]
[Source "ChessBase"]
[SourceDate "2017.03.02"]
[SourceVersion "1"]
[SourceVersionDate "2017.03.02"]
[SourceQuality "1"]

1. e4 e5 2. Nf3 Nc6 3. Bb5 a6 4. Ba4 Nf6 5. 0-0 Nxe4 6. d4 b5 7. Bb3 d5 8. dxe5 Be6 9. Qe2 Bc5 10. Be3 0-0 11. Rd1 Bxe3 12. Qxe3 Na5 13. Nbd2 Nxb3 14. axb3 Nxd2 15. Rxd2 Qe7 16. Nd4 Rfe8 17. Nc6 Qf8 18. c3 f6 19. f4 Bd7 20. Nb4 fxe5 21. fxe5 c6 22. Rxa6 Rxa6 23. Nxa6 Ra8 24. Rf2 Qe7 25. Nc5 Re8 26. b4 Bg4 27. Qf4 Be6 28. Rf1 Bf7 29. h3 Be6 30. Nb3 Rf8 31. Qxf8+ Qxf8 32. Rxf8+ Kxf8 33. Nd4 Bd7 34. Kf2 Ke7 35. Ke3 g6 36. Kf4 h6 37. h4 Be8 38. g4 Bd7 39. b3 Kf7 40. g5 h5 41. e6+ Bxe6 42. Nxc6 Bf5 43. Ke5 Be4 44. Nd4 Ke7 45. Nxb5 Bc2 46. Nd4 Be4 47. c4 Bg2 48. c5 Kd7 49. b5 Be4 50. b6 Bg2 51. c6+ Kc8 52. Kd6 Kb8 53. Ne6 Be4 54. Nc5 Bg2 55. c7+ Kc8 56. b7# 1-0

[Event "Lisbon Check Mate op 3rd"]
[Site "Lisbon"]
[Date "2015.08.09"]
[Round "3"]
[White "Ferreira, Hugo Miguel da Cost"]
[Black "Elias, Ruben Joel Monteiro"]
[Result "1/2-1/2"]
[WhiteElo "2133"]
[BlackElo "1812"]
[PlyCount "116"]
[EventDate "2015.08.08"]
[EventType "swiss"]
[EventRounds "7"]
[EventCountry "POR"]
[SourceTitle "EXT 2017"]
[Source "ChessBase"]
[SourceDate "2016.10.25"]
[SourceVersion "1"]
[SourceVersionDate "2016.10.25"]
[SourceQuality "1"]

1. d4 d5 2. c4 e6 3. Nc3 Nf6 4. Bg5 Nbd7 5. cxd5 exd5 6. Nf3 Be7 7. e3 0-0 8. Rc1 c6 9. Bd3 h6 10. Bh4 Ne4 11. Bxe7 Qxe7 12. 0-0 Ndf6 13. Ne5 Be6 14. Na4 Nd7 15. Nxd7 Bxd7 16. f3 Nd6 17. Re1 f5 18. Nc5 Rae8 19. Qc2 Bc8 20. b4 Qg5 21. Qf2 f4 22. e4 dxe4 23. fxe4 f3 24. e5 fxg2 25. Qg3 Qxg3 26. hxg3 Nf5 27. Bxf5 Rxf5 28. Kxg2 Ref8 29. Re2 Rd8 30. Rd1 b6 31. Nb3 Be6 32. Rdd2 Bd5+ 33. Kg1 Rdf8 34. Rf2 Rf3 35. Rxf3 Rxf3 36. Kh2 Bxb3 37. axb3 Rxb3 38. Rf2 Re3 39. Kg2 Re4 40. Rd2 Kf7 41. Kf3 Re1 42. Ra2 Ke6 43. Rxa7 Rd1 44. Ke4 Re1+ 45. Kd3 Rd1+ 46. Kc3 Rc1+ 47. Kd2 Rc4 48. Kd3 Rxb4 49. Rxg7 c5 50. Rg6+ Kf7 51. Rf6+ Ke7 52. dxc5 bxc5 53. Rxh6 Rb3+ 54. Kc4 Rxg3 55. Kxc5 Rd3 56. Ra6 Rd1 57. Kc4 Rd2 58. Kc3 Rd5 1/2-1/2

[Event "POR-ch prel"]
[Site "Lisbon"]
[Date "2015.03.13"]
[Round "8"]
[White "Elias, Ruben Joel Monteiro"]
[Black "Oliveira, Luis Manuel Farinha"]
[Result "1-0"]
[WhiteElo "1806"]
[BlackElo "1656"]
[PlyCount "67"]
[EventDate "2015.03.08"]
[EventType "swiss"]
[EventRounds "9"]
[EventCountry "POR"]
[SourceTitle "EXT 2018"]
[Source "ChessBase"]
[SourceDate "2017.10.13"]
[SourceVersion "1"]
[SourceVersionDate "2017.10.13"]
[SourceQuality "1"]

1. e4 c5 2. Nf3 Nc6 3. d4 cxd4 4. Nxd4 d6 5. c4 g6 6. Be2 Bg7 7. Be3 Nf6 8. Nc3 0-0 9. 0-0 Bd7 10. Qd2 Nxd4 11. Bxd4 Bc6 12. f3 a6 13. Rad1 Rc8 14. Kh1 h6 15. Nd5 Bxd5 16. exd5 Nd7 17. Bxg7 Kxg7 18. Qd4+ Kh7 19. Rfe1 Ne5 20. f4 Nd7 21. Bg4 f5 22. Bf3 Rf6 23. Re2 Qf8 24. Rde1 Re8 25. b4 b6 26. Kg1 a5 27. bxa5 bxa5 28. Qa7 Rd8 29. Rxe7+ Rf7 30. Rxf7+ Qxf7 31. Qxa5 Qf6 32. Qa7 Kg8 33. Qe3 Kf7 34. Qe6+ 1-0

[Event "POR-ch prel"]
[Site "Lisbon"]
[Date "2015.03.08"]
[Round "2"]
[White "Coimbra, Margarida Goncalves"]
[Black "Elias, Ruben Joel Monteiro"]
[Result "1/2-1/2"]
[WhiteElo "2125"]
[BlackElo "1806"]
[PlyCount "71"]
[EventDate "2015.03.08"]
[EventType "swiss"]
[EventRounds "9"]
[EventCountry "POR"]
[SourceTitle "EXT 2018"]
[Source "ChessBase"]
[SourceDate "2017.10.13"]
[SourceVersion "1"]
[SourceVersionDate "2017.10.13"]
[SourceQuality "1"]

1. e4 e5 2. Nf3 Nf6 3. Nxe5 d6 4. Nf3 Nxe4 5. Nc3 Nxc3 6. dxc3 Be7 7. Be3 Nc6 8. Qd2 0-0 9. 0-0-0 Bg4 10. h3 Bxf3 11. gxf3 Re8 12. Rg1 Bf6 13. Bd3 Ne5 14. Be2 Qe7 15. f4 Nd7 16. Rde1 Qf8 17. f5 c6 18. Bd4 d5 19. h4 Bxd4 20. cxd4 Re4 21. h5 Rae8 22. Bf3 Rxe1+ 23. Rxe1 Rxe1+ 24. Qxe1 Nf6 25. Qe5 Qe8 26. Be2 Qxe5 27. dxe5 Ne4 28. f4 Kf8 29. c3 Ke7 30. Kc2 h6 31. Bf3 Ng3 32. Bg4 b6 33. Kd3 Ne4 34. Bf3 Ng3 35. Bg4 Ne4 36. Kd4 1/2-1/2

[Event "Lisbon-ch qual"]
[Site "Olival Basto"]
[Date "2006.03.17"]
[Round "6"]
[White "Aguiar, Carlos Alberto Bran"]
[Black "Elias, Ruben Joel Monteiro"]
[Result "1-0"]
[WhiteElo "1994"]
[BlackElo "1889"]
[PlyCount "127"]
[EventDate "2006.03.06"]
[EventType "swiss"]
[EventRounds "10"]
[EventCountry "POR"]
[SourceTitle "EXT 2008"]
[Source "ChessBase"]
[SourceDate "2007.11.25"]
[SourceVersion "1"]
[SourceVersionDate "2007.11.25"]
[SourceQuality "1"]

1. d4 d5 2. g3 Nf6 3. Bg2 Bf5 4. c4 c6 5. Nc3 e6 6. cxd5 cxd5 7. Nf3 Be7 8. Bf4 0-0 9. 0-0 Nc6 10. Nh4 Bg4 11. h3 Bh5 12. Nf3 h6 13. Ne5 Nxe5 14. Bxe5 Nd7 15. Bf4 Qa5 16. a3 a6 17. Qd2 Qd8 18. Rac1 Rc8 19. Na4 Rxc1 20. Rxc1 g5 21. Bc7 Qe8 22. e3 Qa8 23. Qa5 Rc8 24. Rc3 Bg6 25. Nb6 Nxb6 26. Qxb6 Bd8 27. Bxd8 Rxd8 28. Rc7 Rb8 29. b4 Kg7 30. Qxe6 Rd8 31. Qe5+ Kg8 32. Bxd5 Qb8 33. Bb3 Re8 34. Qd6 Kg7 35. Qc5 b5 36. Bc2 Bxc2 37. Qxc2 Kg8 38. Qc6 Kg7 39. Qb7 Qxb7 40. Rxb7 Ra8 41. Kg2 Kg6 42. Rb6+ f6 43. e4 Rd8 44. d5 Re8 45. f3 Ra8 46. d6 Kf7 47. d7 Rd8 48. Rb7 Ke7 49. Kf2 Rxd7 50. Rxd7+ Kxd7 51. Ke3 Ke6 52. Kd4 Kd6 53. f4 gxf4 54. gxf4 h5 55. h4 Kc6 56. e5 fxe5+ 57. fxe5 Kc7 58. Kd5 Kd7 59. e6+ Ke7 60. Ke5 Ke8 61. Kf6 Kf8 62. Kg6 Ke7 63. Kxh5 Kxe6 64. Kg6 1-0

[Event "Lisbon-ch qual"]
[Site "Olival Basto"]
[Date "2006.03.10"]
[Round "3"]
[White "Ribeiro, Luis Landeiro"]
[Black "Elias, Ruben Joel Monteiro"]
[Result "1-0"]
[WhiteElo "2069"]
[BlackElo "1889"]
[PlyCount "63"]
[EventDate "2006.03.06"]
[EventType "swiss"]
[EventRounds "10"]
[EventCountry "POR"]
[SourceTitle "EXT 2008"]
[Source "ChessBase"]
[SourceDate "2007.11.25"]
[SourceVersion "1"]
[SourceVersionDate "2007.11.25"]
[SourceQuality "1"]

1. c4 e5 2. Nc3 Nf6 3. Nf3 Nc6 4. e3 d5 5. cxd5 Nxd5 6. Bb5 f6 7. Qa4 Ndb4 8. 0-0 Bf5 9. e4 Bd7 10. a3 Na6 11. Rd1 Nc5 12. Qc2 Be6 13. d4 Bb3 14. Qe2 Bxd1 15. Qxd1 Nd7 16. d5 Ncb8 17. Nxe5 g6 18. Nd3 Bg7 19. Nf4 Bf8 20. Ne6 Qc8 21. Bf4 Bd6 22. Bxd6 cxd6 23. Rc1 Kf7 24. Ne2 Nc5 25. b4 a6 26. Ba4 b5 27. bxc5 bxa4 28. cxd6 Qe8 29. Rc7+ Nd7 30. Qxa4 Rb8 31. Rxd7+ Kg8 32. Rg7# 1-0

[Event "Loura Honra"]
[Site "Bobadela"]
[Date "2005.12.19"]
[Round "3"]
[White "Elias, Ruben Joel Monteiro"]
[Black "Barreiros, Cilauro Neves"]
[Result "1-0"]
[WhiteElo "1886"]
[BlackElo "1731"]
[PlyCount "21"]
[EventDate "2005.12.17"]
[EventType "tourn"]
[EventRounds "7"]
[EventCountry "POR"]
[SourceTitle "EXT 2007"]
[Source "ChessBase"]
[SourceDate "2006.11.23"]
[SourceVersion "1"]
[SourceVersionDate "2006.11.23"]
[SourceQuality "1"]

1. e4 e5 2. Nf3 Nc6 3. d4 exd4 4. Nxd4 Be7 5. Bc4 Ne5 6. Bb3 Nf6 7. f4 Nc6 8. e5 Ne4 9. Nf5 Bf8 10. Qd5 Nxe5 11. fxe5 1-0

[Event "Loura Honra"]
[Site "Bobadela"]
[Date "2005.12.18"]
[Round "2"]
[White "Ribeiro, Luis Landeiro"]
[Black "Elias, Ruben Joel Monteiro"]
[Result "1-0"]
[WhiteElo "2058"]
[BlackElo "1886"]
[PlyCount "87"]
[EventDate "2005.12.17"]
[EventType "tourn"]
[EventRounds "7"]
[EventCountry "POR"]
[SourceTitle "EXT 2007"]
[Source "ChessBase"]
[SourceDate "2006.11.23"]
[SourceVersion "1"]
[SourceVersionDate "2006.11.23"]
[SourceQuality "1"]

1. Nf3 c5 2. g3 d5 3. Bg2 Nc6 4. d3 e5 5. 0-0 f5 6. e4 fxe4 7. dxe4 d4 8. Na3 Nf6 9. Nc4 Qc7 10. a4 Be6 11. Qe2 Be7 12. Bd2 0-0 13. Ng5 Bg4 14. f3 Bc8 15. Na3 a6 16. Qc4+ Kh8 17. Nf7+ Rxf7 18. Qxf7 b6 19. Bg5 Nd8 20. Qb3 Be6 21. Qd3 Ne8 22. Bxe7 Qxe7 23. f4 Nc6 24. Nc4 Bxc4 25. Qxc4 Nf6 26. Qe2 Qd7 27. Rad1 Qg4 28. Bf3 Qe6 29. Rf2 a5 30. Bg2 Qg4 31. Bf3 Qe6 32. b3 Nb4 33. Bg2 Na2 34. Re1 Nc3 35. Qf1 Re8 36. fxe5 Qxe5 37. Rf5 Qe7 38. e5 Nfd5 39. Rf7 Qd8 40. Bxd5 Nxd5 41. e6 Ne3 42. Rxe3 dxe3 43. e7 e2 44. Rf8+ 1-0